Jak mnohem lépe prodávat praxí ověřený systém metod a technik prodeje používaný nejlepšími obchodníky

Enregistré dans:
Détails bibliographiques
Auteur principal: Tracy, Brian
Autres auteurs: Hlaváč, Tomáš
Format: Livre
Langue:tchèque
Publié: Brno Computer Press 1999
Collection:Praxe manažera
Business books
Sujets:
Tags: Ajouter un tag
Pas de tags, Soyez le premier à ajouter un tag!

MARC

LEADER 00000nam$a2200000$$$4500
001 0019765
005 20221129101306.9
020 |a 80-7226-668-3 
041 0 |a cze 
044 |a CZ 
245 1 0 |a Jak mnohem lépe prodávat  |b praxí ověřený systém metod a technik prodeje používaný nejlepšími obchodníky  |c Brian Tracy ; [překlad: Tomáš Hlaváč] 
264 1 |a Brno  |b Computer Press  |c 1999 
300 |a 325 s. 
490 1 |a Praxe manažera 
830 0 |a Praxe manažera 
490 1 |a Business books 
830 0 |a Business books 
610 2 0 |a predaj 
610 2 0 |a psychológia predaja 
610 2 0 |a predajcovia 
610 2 0 |a osobnosť 
610 2 0 |a plánovanie strategické 
610 2 0 |a zákazníci 
100 1 |a Tracy, Brian 
700 1 |a Hlaváč, Tomáš